000
00275nam a2200121Ia 4500
008
191201s2013 xx 000 0 und d
100
_a
KASHYAP, Pradeep
245
0
_a
Rural Marketing
260
_a
N. Delhi
_b
Pearson
_c
2013
300
_a
301
650
_a
MBA
942
_2
ddc
_c
BK
999
_c
6183
_d
6183